Pokémon You Can't Name - Statistics

General Stats
  • This quiz has been taken 21 times
  • The average score is 18 of 26
Answer Stats
Picture Answer % Correct
Piloswine
95%
Barboach
89%
Anorith
84%
Cradily
79%
Crustle
79%
Grotle
79%
Kecleon
79%
Mesprit
79%
Carnivine
74%
Chingling
74%
Musharna
74%
Sealeo
74%
Relicanth
68%
Dottler
63%
Gorebyss
63%
Quilladin
63%
Runerigus
63%
Shiinotic
63%
Sigilyph
63%
Tirtouga
63%
Arrokuda
58%
Flittle
58%
Gossifleur
58%
Rellor
58%
Spewpa
58%
Aromatisse
53%
No matching quizzes found
Score Distribution
Percent of People with Each Score
Percentile by Number Answered
Your Score History
You have not taken this quiz